Indian fruit flies (Record no. 346892)

MARC details
000 -LEADER
fixed length control field 003820000a22001570004500
020 ## - INTERNATIONAL STANDARD BOOK NUMBER
International Standard Book Number 8120407458
060 ## - NATIONAL LIBRARY OF MEDICINE CALL NUMBER
Classification number 100
082 ## - DEWEY DECIMAL CLASSIFICATION NUMBER
Classification number 595.7740954 KAP
100 ## - MAIN ENTRY--PERSONAL NAME
Personal name Kapoor, V C
245 ## - TITLE STATEMENT
Title Indian fruit flies
260 ## - PUBLICATION, DISTRIBUTION, ETC. (IMPRINT)
Place of publication, distribution, etc. Newdelhi, Oxford & IBH publishing co. pvt. ltd.
260 ## - PUBLICATION, DISTRIBUTION, ETC. (IMPRINT)
Date of publication, distribution, etc. 1993
300 ## - PHYSICAL DESCRIPTION
Extent 228
650 ## - SUBJECT ADDED ENTRY--TOPICAL TERM
Topical term or geographic name as entry element Fruit flies- india/ taxonomy/ zoogeogsaphy
942 ## - ADDED ENTRY ELEMENTS (KOHA)
Koha item type Books (General)
Holdings
Withdrawn status Lost status Damaged status Not for loan Collection code Home library Current library Shelving location Date acquired Total Checkouts Full call number Barcode Date last seen Price effective from Koha item type
        Malayalam College of Agriculture, Vellayani College of Agriculture, Vellayani   02/05/2014   595.7740954 KAP KAU_COAV-23784 02/05/2014 12/05/2022 Books (General)
Kerala Agricultural University Central Library
Thrissur-(Dt.), Kerala Pin:- 680656, India
Ph : (+91)(487) 2372219
E-mail: librarian@kau.in
Website: http://library.kau.in/